Animals - Statistics

General Stats
  • This quiz has been taken 27 times
  • The average score is 10 of 12
Answer Stats
Picture Answer % Correct
Bee
96%
Elephant
96%
Giraffe
96%
Kangaroo
96%
Rhinoceros
96%
Shark
96%
Cheetah
92%
Dog
92%
Hummingbird
92%
Turtle
92%
Starfish
88%
You
13%
No matching quizzes found
Score Distribution
Percent of People with Each Score
Percentile by Number Answered
Your Score History
You have not taken this quiz